<?xml version="1.0" encoding="UTF-8"?>
<record
    xmlns:xsi="http://www.w3.org/2001/XMLSchema-instance"
    xsi:schemaLocation="http://www.loc.gov/MARC21/slim http://www.loc.gov/standards/marcxml/schema/MARC21slim.xsd"
    xmlns="http://www.loc.gov/MARC21/slim">

  <leader>00987na  a2200265   4500</leader>
  <controlfield tag="001">17286</controlfield>
  <controlfield tag="003">MIRAKIL</controlfield>
  <controlfield tag="005">20181213155115.0</controlfield>
  <controlfield tag="008">161024b        tu            000 0      </controlfield>
  <datafield tag="035" ind1=" " ind2=" ">
    <subfield code="a">17286</subfield>
  </datafield>
  <datafield tag="040" ind1=" " ind2=" ">
    <subfield code="a">Milas</subfield>
    <subfield code="b">tur</subfield>
    <subfield code="c">TR-AnCHP</subfield>
  </datafield>
  <datafield tag="041" ind1=" " ind2=" ">
    <subfield code="a">tur</subfield>
  </datafield>
  <datafield tag="082" ind1=" " ind2=" ">
    <subfield code="a">621.31204</subfield>
    <subfield code="b">T96t 1978</subfield>
  </datafield>
  <datafield tag="090" ind1=" " ind2=" ">
    <subfield code="a">621.31204 T96t 1978</subfield>
  </datafield>
  <datafield tag="111" ind1=" " ind2=" ">
    <subfield code="a">T&#xFC;rkiye Enerji Kongresi</subfield>
    <subfield code="c">Ankara</subfield>
    <subfield code="d">1978</subfield>
    <subfield code="n">3.</subfield>
  </datafield>
  <datafield tag="245" ind1=" " ind2=" ">
    <subfield code="a">T&#xFC;rkiye 3. genel enerji kongresi bildirileri</subfield>
    <subfield code="c">D&#xFC;nya Enerji Konferans&#x131; T&#xFC;rk Milli Komitesi</subfield>
  </datafield>
  <datafield tag="260" ind1=" " ind2=" ">
    <subfield code="a">Ankara</subfield>
    <subfield code="b">[yay.y.]</subfield>
    <subfield code="c">1978</subfield>
    <subfield code="f">Do&#x11F;u&#x15F; Matbaas&#x131;</subfield>
  </datafield>
  <datafield tag="300" ind1=" " ind2=" ">
    <subfield code="a">3 c.</subfield>
    <subfield code="b">tbl. ; grf. ; fotg.</subfield>
    <subfield code="c">20 sm.</subfield>
  </datafield>
  <datafield tag="504" ind1=" " ind2=" ">
    <subfield code="a">Kaynak&#xE7;a var.</subfield>
  </datafield>
  <datafield tag="505" ind1=" " ind2=" ">
    <subfield code="a">c. 1. Al&#x131;&#x15F;&#x131;lm&#x131;&#x15F; (konveksiyonel) enerji kaynaklar&#x131; -- c. 2. Enerji kullan&#x131;m&#x131; ve tutumlulu&#x11F;u -- c. 3. Enerji konusundaki genel sorunlar</subfield>
  </datafield>
  <datafield tag="650" ind1=" " ind2=" ">
    <subfield code="a">&#xC7;evre politikalar&#x131;</subfield>
    <subfield code="x">Kongreler</subfield>
    <subfield code="z">T&#xFC;rkiye</subfield>
  </datafield>
  <datafield tag="650" ind1=" " ind2=" ">
    <subfield code="a">Enerji politikas&#x131;</subfield>
    <subfield code="x">Kongreler</subfield>
    <subfield code="z">T&#xFC;rkiye</subfield>
  </datafield>
  <datafield tag="650" ind1=" " ind2=" ">
    <subfield code="a">Enerji kaynaklar&#x131;</subfield>
    <subfield code="x">Kongreler</subfield>
    <subfield code="z">T&#xFC;rkiye</subfield>
  </datafield>
  <datafield tag="942" ind1=" " ind2=" ">
    <subfield code="2">ddc</subfield>
    <subfield code="c">BKS</subfield>
  </datafield>
  <datafield tag="952" ind1=" " ind2=" ">
    <subfield code="a">0001</subfield>
    <subfield code="b">0001</subfield>
    <subfield code="d">2016-10-24</subfield>
    <subfield code="e">2</subfield>
    <subfield code="l">0</subfield>
    <subfield code="o">621.31204 T96t 1978</subfield>
    <subfield code="p">007610</subfield>
    <subfield code="r">2016-10-24 00:00:00</subfield>
    <subfield code="v">0.00</subfield>
    <subfield code="w">2016-10-24</subfield>
    <subfield code="y">BKS</subfield>
  </datafield>
  <datafield tag="952" ind1=" " ind2=" ">
    <subfield code="a">0001</subfield>
    <subfield code="b">0001</subfield>
    <subfield code="d">2016-10-24</subfield>
    <subfield code="e">2</subfield>
    <subfield code="l">0</subfield>
    <subfield code="o">621.31204 T96t 1978</subfield>
    <subfield code="p">007611</subfield>
    <subfield code="r">2016-10-24 00:00:00</subfield>
    <subfield code="v">0.00</subfield>
    <subfield code="w">2016-10-24</subfield>
    <subfield code="y">BKS</subfield>
  </datafield>
  <datafield tag="952" ind1=" " ind2=" ">
    <subfield code="a">0001</subfield>
    <subfield code="b">0001</subfield>
    <subfield code="d">2016-10-24</subfield>
    <subfield code="e">2</subfield>
    <subfield code="h">c.2</subfield>
    <subfield code="l">0</subfield>
    <subfield code="o">621.31204 T96t 1978</subfield>
    <subfield code="p">007612</subfield>
    <subfield code="r">2016-10-24 00:00:00</subfield>
    <subfield code="v">0.00</subfield>
    <subfield code="w">2016-10-24</subfield>
    <subfield code="y">BKS</subfield>
  </datafield>
  <datafield tag="999" ind1=" " ind2=" ">
    <subfield code="c">6677</subfield>
    <subfield code="d">6677</subfield>
  </datafield>
</record>
